| 000 | 00652nam a2200205 a 4500 | ||
|---|---|---|---|
| 001 | BRCA_1976 | ||
| 005 | 20190320203625.0 | ||
| 008 | 230905s1993----us-a---###---#000-0#eng-# | ||
| 020 | _a0835232948 | ||
| 050 | 4 |
_aAM5034 _b.B69 1993 |
|
| 100 | 1 |
_aBowker, R.R. _96065 |
|
| 245 | 1 | 0 |
_aThe Official Museum Directory _cR.R Bowker´s. |
| 250 | _a23 | ||
| 260 |
_aUSA _bR.R Bowker´s _c1993 |
||
| 300 |
_alxi, 1732 p. _bil. _c27 cm. |
||
| 500 | _aIncluye índice temático, índice de personal por nombre alfabético e índice de instituciones por categoría | ||
| 650 | 1 | 4 |
_aMuseografía _vDirectorios _zEstados Unidos _96066 |
| 902 | _aREF | ||
| 942 |
_2lcc _cB |
||
| 999 |
_c1745 _d1745 |
||